Most Recognizable Songs - Statistics

General Stats
  • This quiz has been taken 20 times
  • The average score is 54 of 100
Answer Stats
Hint Hint Answer % Correct
1 Queen Bohemian Rhapsody
92%
23 Toto Africa
85%
27 AC/DC Back in Black
85%
16 Eminem Lose Yourself
85%
5 Michael Jackson Thriller
85%
76 Avicii, Aloe Blacc Wake Me Up
85%
4 Queen We Will Rock
85%
47 Michael Jackson Bad
77%
37 The Weeknd Blinding Lights
77%
91 Pharrell WIlliams Happy
77%
46 The Beatles Hey Jude
77%
74 Shakira, Wyclef Jean Hips Don't Lie
77%
24 Guns n' Roses Sweet Child o' Mine
77%
21 Europe The Final Countdown
77%
55 Oasis Wonderwall
77%
99 Aqua Barbie Girl
69%
2 Michael Jackson Billie Jean
69%
93 Eiffel 65 Blue (Da Ba Dee)
69%
82 Carly Rae Jepsen Call Me Maybe
69%
53 The Police Every Breath You Take
69%
12 Survivor Eye of the Tiger
69%
34 Outkast Hey Ya!
69%
54 Eagles Hotel California
69%
41 Linkin Park In the End
69%
73 Lady Gaga Poker Face
69%
29 The White Stripes Seven Nation Army
69%
6 Nirvana Smells Like Teen Spirit
69%
43 Gotye, Kimbra Somebody That I Used to Know
69%
8 A-ha Take on Me
69%
89 Rihanna, Jay-Z Umbrella
69%
38 Britney Spears ...Baby One More Time
62%
75 Lady Gaga Bad Romance
62%
20 George Michael Careless Whisper
62%
18 ABBA Dancing Queen
62%
26 Psy Gangnam Style
62%
25 Coolio, L.V. Gangsta's Paradise
62%
85 50 Cent In Da Club
62%
30 Whitney Houston I Will Always Love You
62%
3 Rick Astley Never Gonna Give You Up
62%
68 Linkin Park Numb
62%
100 Britney Spears Oops!... I Did it Again
62%
7 Bee Gees Stayin' Alive
62%
49 Dr. Dre, Snoop Dogg Still D.R.E.
62%
33 Eurythmics Sweet Dreams (Are Made of This)
62%
31 Mark Ronson, Bruno Mars Uptown Funk
62%
22 Coldplay Viva la Vida
62%
79 Spice Girls Wannabe
62%
10 Queen We are the Champions
62%
28 Louis Armstrong What a Wonderful World
62%
81 Pink Floyd Another Brick in the Wall pt. 2
54%
84 Green Day Boulevard of Broken Dreams
54%
11 Journey Don't Stop Believin'
54%
77 Tears for Fears Everybody Wants to Rule the World
54%
48 AC/DC Highway to Hell
54%
51 The Killers Mr. Brightside
54%
72 Celine Dion My Heart Will Go On
54%
88 Wiz Khalifa, Charlie Puth See You Again
54%
64 Led Zeppelin Stairway to Heaven
54%
35 Lynyrd Skynyrd Sweet Home Alabama
54%
44 Eminem The Real Slim Shady
54%
39 AC/DC Thunderstruck
54%
70 Britney Spears Toxic
54%
19 Village People Y.M.C.A.
54%
32 Smash Mouth All Star
46%
9 Michael Jackson Beat It
46%
80 Beyonce, Jay-Z Crazy in Love
46%
17 Queen Don't Stop Me Now
46%
40 Backstreet Boys I Want it That Way
46%
78 The Beatles Let it Be
46%
36 Los Del Rio Macarena
46%
50 Queen, David Bowie Under Pressure
46%
59 Shakira, FreshlyGround Waka Waka (This Time for Africa)
46%
45 Aerosmith Dream On
38%
60 ABBA Gimme! Gimme! Gimme!
38%
98 Cyndi Lauper Girls Just Want to Have Fun
38%
42 Elton John I'm Still Standing
38%
61 Whitney Houston I Wanna Dance With Somebody
38%
67 Gloria Gaynor I Will Survive
38%
13 Bon Jovi Livin' on a Prayer
38%
92 Boney M. Rasputin
38%
52 Adele Rolling in the Deep
38%
65 Wham! Wake Me Up Before You Go-Go
38%
71 Guns N' Roses Welcome to the Jungle
38%
69 Eminem Without Me
38%
58 Daft Punk et al. Get Lucky
31%
87 The Animals House of the Rising Sun
31%
95 Jackson 5 I Want You Back
31%
15 Michael Jackson Smooth Criminal
31%
62 Neil Diamond Sweet Caroline
31%
94 Haddaway What is Love?
31%
14 Queen Another One Bites the Dust
23%
83 Ray Parker Jr. Ghostbusters
23%
57 The Beatles Here Comes the Sun
23%
90 Elvis Presley Jailhouse Rock
23%
86 ABBA Mama Mia
23%
66 John Denver Take Me Home, Country Roads
23%
56 MC Hammer You Can't Touch This
23%
97 Queen I Want to Break Free
15%
96 Dr. Dre et al. The Next Episode
15%
63 Black Eyed Peas I Gotta Fealing
0%
No matching quizzes found
Score Distribution
Percent of People with Each Score
Percentile by Number Answered
Your Score History
You have not taken this quiz